Princfiples and practice of experiments with nucleic acids /

Gespeichert in:
Bibliographische Detailangaben
1. Verfasser: Parish, Howard John (VerfasserIn)
Format: Buch
Sprache:Tschechisch
Veröffentlicht: London : Longman, 1972
Schriftenreihe:rz1
Online-Zugang: Volltext
Tags: Tag hinzufügen
Keine Tags, Fügen Sie den ersten Tag hinzu!

MARC

LEADER 00000cam a2200000 4500
003 SK-BrCVT
005 20220618080900.0
008 090817s1972 cs e ||||||cze d
035 |a CVTIDWR003821 
040 |a    |b slo  |c    |d   
041 0 |a cze 
044 |a cs 
100 |a Parish, Howard John  |4 aut 
245 1 0 |a Princfiples and practice of experiments with nucleic acids /  |c Howard John Parish 
260 3 |a London :  |b Longman,  |c 1972 
300 |a 12, 511 s. 
830 |a rz1 
974 |f Knihy 
999 |c 195363  |d 195363